000 00995cab a2200349 4500
001 X1445
008 090401t1994 xxu||||| |||| 00| 0 eng d
035 _a(Sirsi) u17156
041 _aeng
100 _aSimcox, S.
245 _aMembers` affairs: general practice
260 _c1994
350 _a0
490 _aCSM (Chartered Surveyor Monthly)
_v3(7) April 1994, 48(1)
650 _aACCOUNTS REGULATIONS
650 _aBLUNDELL MEMORIAL LECTURES
650 _aBRANCH VISITS
650 _aCOMMERCIAL PROPERTY CONFERENCE
650 _aCONSUMER PROTECTION DIRECTIVE
650 _aCONSUMER PROTECTION
650 _aDISTANCE-SELLING DIRECTIVE
650 _aEUROPE
650 _aGENERAL PRACTICE
650 _aRICS HOMEBUYER SURVEY AND VALUATION
650 _aMEMBERS ACCOUNTS
650 _aMEMBERS AFFAIRS
650 _aPAYMENT IN ADVANCE
650 _aSURVEYS
690 _aMANAGEMENT-BUSINESS MANAGEMENT-PROFESSIONAL PRACTICE
942 _n0
948 _c04/03/1997
999 _c11375
_d11375